00702nam a2200193 a 450000100100000000500170001000800410002702000150006804000250008308200140010824500420012226000730016430000240023750400260026150000370028750500550032495201120037999900170049100004120020201002034712.0130925s2002 sp a 000 0 spa d a8400080378 aDO-SdBNPbengcBNPHU axxxbxxxx00aWorkshops alcue science & technology. aMadrid, :bConsejo Superior de Investigaciones Científicas,c2002. av. :bil. ;c24 cm. aReferences p: 191-192 aLa biblioteca posee el volumen 50 gv. 5tCompetitive growth in the global environment 001050718MOaGRbGRcCTd2013-09-25iLF1l0oxxx xxxxp41200-10r2020-06-25w2020-06-25y1ZNo se presta c40690d40690